书目信息 |
| 题名: |
日本新建筑 宾馆.商业.医疗.文化.教育
|
|
| 作者: | 徐苏宁 主编 | |
| 分册: | ||
| 出版信息: | 哈尔滨 黑龙江科学技术出版社 1998.06 |
|
| 页数: | 207页 | |
| 开本: | 16开 | |
| 丛书名: | ||
| 单 册: | ||
| 中图分类: | TU-881.313 | |
| 科图分类: | ||
| 主题词: | 建筑艺术--图集 | |
| 电子资源: | ||
| ISBN: | 7-5388-2358-1 | |
| 000 | 00632nam0 2200193 45 | |
| 001 | 0007261706 | |
| 005 | 20000726171034.6 | |
| 010 | @a7-5388-2358-1@d75.00元 | |
| 100 | @a20000726d1998 km y0chiy0120 ea | |
| 101 | 0 | @achi |
| 105 | @a z 000yy | |
| 200 | 1 | @a日本新建筑 宾馆.商业.医疗.文化.教育@ARi Ben Xin Jian Zhu Bin Guan.Shang Ye.Yi Liao.Wen Hua.Jiao Yu@f徐苏宁等主编@FXu Su Ning Deng Zhu Bian |
| 210 | @a哈尔滨@c黑龙江科学技术出版社@d1998.06 | |
| 215 | @a207页@d16开 | |
| 606 | 0 | @a建筑艺术@x图集 |
| 690 | @aTU-881.313@v3 | |
| 701 | 0 | @a徐苏宁@4主编 |
| 801 | @aCN@bPftUser@c20000726 | |
| 905 | @b80008-010@dTU-881.313@eX590@f3 | |
| 日本新建筑 宾馆.商业.医疗.文化.教育/徐苏宁等主编.-哈尔滨:黑龙江科学技术出版社,1998.06 |
| 207页;16开 |
| ISBN 7-5388-2358-1:75.00元 |
| ● |
| 相关链接 |
|
|
|
正题名:日本新建筑宾馆·商业·医疗·文化·教育
索取号:TU-881.313/X590
 
预约/预借
| 序号 | 登录号 | 条形码 | 馆藏地/架位号 | 状态 | 备注 |
| 1 | 80008 | 200800080 | 建筑库101/101建筑库 23排2列3层/ [索取号:TU-881.313/X590] | 在馆 | |
| 2 | 80009 | 200800099 | 建筑库101/101建筑库 23排2列3层/ [索取号:TU-881.313/X590] | 在馆 | |
| 3 | 80010 | 200800106 | 管理学院资料室/ [索取号:TU-881.313/X590] | 在馆 |